000 01521nam a22002657a 4500
003 NALT
005 20230810100258.0
008 230426b th ||||| |||| 00| 0 eng d
020 _a9781775503255
040 _aNALT
050 _aDU 423.A85
_bM37M 2017
100 1 _960716
_aMatamua, Rangi
245 1 0 _aMatariki :
_bThe star of the year /
_cRangi Matamua.
260 _aWellington :
_bHuia Publishers,
_c2017.
300 _a127 p. :
_bill., table ;
_c24 p.
505 2 _aAcknowledgements -- Matariki - Te Whetu Tapu o te Tau -- Matariki - The Star of the Year -- Introduction -- Matariki/Pleiades -- Pleiades in the Ancient World -- Pleiades in Polynesia -- The Meaning of Matariki -- The Names of Matariki -- Matariki New Year -- Rising and Setting of Matariki -- The Bounty of the Year -- Matariki, a Sign of Death -- Matariki: Whangai i te Hautapu -- Matariki Celebrations -- Matariki and Puanga -- The Food of Matariki -- The Weather of Matariki -- Matariki and Navigation -- Modern Matariki -- The Future of Matariki -- Conclusion -- Matariki Proverbs -- Endnotes -- Bibliography -- Index.
650 0 _961189
_aNew Year
_zNew Zealand.
650 0 _961190
_aMāori (New Zealand people)
_xFolklore.
651 0 _938050
_aNew Zealand
_xSocial life and customs
850 _aNALT
942 _cGB
_2lcc
996 _achunbijaya.r
_bCATSTF
_c2023-04-26
996 _ajamriang.p
_bCATSTF
_c2023-07-27
999 _c101962
_d101962
998 _j1524
_k นางสาวศรัณย์ภร ชำนาญป่า